000 00580nam a2200193Ia 4500
999 _c34543
_d34543
003 OSt
005 20200909100143.0
008 190216s9999||||xx |||||||||||||| ||und||
020 _a9788120347380
040 _coclc
082 _a539.7
_bMIT/I
100 _aMittal, V K
_94509
245 0 _aIntroduction To Nuclear And Particle Physics /
_cV K Mittal ; R C Verma ; S C Gupta
250 _a3rd Ed.
260 _bPhi Learning Private Limited,
_c2013.
_aNew Delhi:
300 _a398p
650 _aPhysics
942 _cBK
_2ddc
_h539.7
_iMIT/I
_k539.7
_mMIT/I